Statistics for 25 most speedran games (2017)

Click here to take the quiz!

General Stats

  • This quiz has been taken 7 times
  • The average score is 9 of 25

Answer Stats

Year the game came outOriginal console(s)Number of runnersGame% Correct
1996N641 352Super Mario 64
86%
1990SNES522Super Mario World
86%
2014PS3, X360, PS4 & XboxOne397Destiny
71%
1985NES394Super Mario Bros.
57%
1998N641 243The Legend of Zelda: Ocarina of Time
57%
1998N64 & Xbox234Banjo-Kazooie
57%
2007PC529Portal
43%
2014WiiU400Mario Kart 8
43%
1994SNES604Super Metroid
43%
2002GCN771Super Mario Sunshine
43%
2000N64295The Legend of Zelda: Majora's Mask
43%
2001GCN & Dreamcast465Sonic Adventure 2: Battle
29%
2010WiiU, X360, PSVita, PS4, XboxOne, PC, Mac & Linux428Super Meat Boy
29%
1991SNES612The Legend of Zelda: A Link to the Past
29%
1995SNES218Super Mario World 2: Yoshi's Island
29%
2001GCN324Luigi's Mansion
29%
2015PC, Mac & Linux417Undertale
29%
2007Wii259Super Mario Galaxy
14%
2017PS4, XboxOne & PC396Resident Evil 7: Biohazard
14%
2008PS3, X360, XboxOne & PC263Mirror's Edge
14%
2015PC264Refunct
14%
2013PS3, X360, PS4, XboxOne & PC280PAYDAY 2
14%
1996GBA360Pokémon Red/Blue
14%
2012PS3, X360 & PC213Counter-Strike: Global Offensive
14%
1992GBA222Kirby's Dream Land
0%

Score Distribution

Percentile by Number Answered

Percent of People with Each Score

Your Score History

You have not taken this quiz